Psikologi kognitif

Bibliographic Details
Main Author: Muhamed Awang
Format: Book
Published: Kuala Lumpur : Dewan Bahasa Dan Pustaka , 1999
Subjects:

MARC

LEADER 00000cam a2200000 7i4500
001 0000036708
002 000039737
005 20000331.0
020 |a 9836262016 
090 0 0 |a 153   |b MUH 
100 0 |a Muhamed Awang 
245 1 0 |a Psikologi kognitif   |c Muhamed Awang 
260 |a Kuala Lumpur :   |b Dewan Bahasa Dan Pustaka ,   |c 1999 
300 |a 352p. ;   |c 17cm. 
650 0 0 |a Cognitive psychology 
999 |a 00131446   |b BUKU   |c PINJAMAN   |e PERPUSTAKAAN KOMUNITI PETALING JAYA 
999 |a 084591   |b BUKU   |c PINJAMAN   |e PERPUSTAKAAN KOMUNITI PETALING JAYA 
999 |a 084592   |b BUKU   |c PINJAMAN   |e PERPUSTAKAAN KOMUNITI PETALING JAYA